Typologie podle životního stylu a statistické segmentace

Dve základné skupiny kvantitatívnej metódy na zistenie štruktúry a veľkosti spotrebiteľských segmentov. Tradičný prístup založený na klasickej štatistike. Typológia, ktorá pripúšťa príslušnosť časti jednotiek k viac ako jednému segmentu (fuzzy matematika). Analýza investičného chovania vyšších príjm...

Descrizione completa

Salvato in:
Dettagli Bibliografici
Autore principale: Vysekalová, Jitka
Altri autori: Herzmann, Jan
Natura: Capitolo di libro
Lingua:ceco
Soggetti:
Tags: Aggiungi Tag
Nessun Tag, puoi essere il primo ad aggiungerne!!

MARC

LEADER 00000naa$a2200000$$$4500
001 0052350
005 20231018130459.0
041 0 |a cze 
044 |a CZ 
245 1 0 |a Typologie podle životního stylu a statistické segmentace  |c Jitka Vysekalová, Jan Herzmann 
520 |a Dve základné skupiny kvantitatívnej metódy na zistenie štruktúry a veľkosti spotrebiteľských segmentov. Tradičný prístup založený na klasickej štatistike. Typológia, ktorá pripúšťa príslušnosť časti jednotiek k viac ako jednému segmentu (fuzzy matematika). Analýza investičného chovania vyšších príjmových skupín. Segmentácia klientov na základe zhlukovej analýzy. 
610 2 0 |a marketing 
610 2 0 |a komunikácia marketingová 
610 2 0 |a zákazníci 
610 2 0 |a segmentácia trhu 
610 2 0 |a prieskum štatistický 
610 2 0 |a metódy štatistické 
610 2 0 |a analýza zhluková 
610 2 0 |a štýl životný 
100 1 |a Vysekalová, Jitka 
700 1 |a Herzmann, Jan